| 000 -LEADER |
| fixed length control field |
01191 a2200193 4500 |
| 003 - CONTROL NUMBER IDENTIFIER |
| control field |
Nust |
| 005 - DATE AND TIME OF LATEST TRANSACTION |
| control field |
20221130102712.0 |
| 010 ## - LIBRARY OF CONGRESS CONTROL NUMBER |
| LC control number |
90034236 |
| 020 ## - INTERNATIONAL STANDARD BOOK NUMBER |
| International Standard Book Number |
0023371307 |
| 040 ## - CATALOGING SOURCE |
| Transcribing agency |
Nust |
| 082 00 - DEWEY DECIMAL CLASSIFICATION NUMBER |
| Classification number |
621.38152,FER |
| 100 1# - MAIN ENTRY--PERSONAL NAME |
| Personal name |
Ferry, David K. |
| 9 (RLIN) |
63057 |
| 245 10 - TITLE STATEMENT |
| Title |
Semiconductors / |
| Statement of responsibility, etc. |
David K. Ferry. |
| 260 ## - PUBLICATION, DISTRIBUTION, ETC. |
| Place of publication, distribution, etc. |
New York : |
| Name of publisher, distributor, etc. |
Macmillan ; |
| Place of publication, distribution, etc. |
Toronto : |
| Name of publisher, distributor, etc. |
Collier Macmillan Canada ; |
| Place of publication, distribution, etc. |
New York : |
| Name of publisher, distributor, etc. |
Maxwell Macmillan International, |
| Date of publication, distribution, etc. |
c1991. |
| 300 ## - PHYSICAL DESCRIPTION |
| Extent |
xv, 608 p. : |
| Other physical details |
ill. ; |
| Dimensions |
25 cm. |
| 505 ## - FORMATTED CONTENTS NOTE |
| Formatted contents note |
Introduction (Page-1), Crystal Structure and Bonding (Page-12), Nearly Free Electron Dynamics (Page-40), Lattice Dynamics (Page-68), Electron Structure (Page-112), Semiconductor Statistics (Page-189), Electron Phonon Interaction (Page-209), The Boltzmann Equation (Page-241), Diffusion and Optical Properties (Page-280), High Field Transport (Page-318), Further Applications of High Field Transport (Page-372), Electron- Electron Interaction (Page-422), Nonparabolicity and its Effects (Page-450), Disordered Semiconductors (Page-465), Quantum Transport in Semiconductors (Page-502), Nonequilibrium Quantum Transport (Page-557). |
| 650 #0 - SUBJECT ADDED ENTRY--TOPICAL TERM |
| Topical term or geographic name entry element |
Telecommunication Engineering |
| 942 ## - ADDED ENTRY ELEMENTS (KOHA) |
| Source of classification or shelving scheme |
|
| Koha item type |
Book |